书目信息 |
| 题名: |
国际战略形势分析
|
|
| 作者: | 潘湘庭 , 库桂生 主编 | |
| 分册: | ||
| 出版信息: | 北京 国防大学出版社 1999.05 |
|
| 页数: | 329页 | |
| 开本: | 32开 | |
| 丛书名: | ||
| 单 册: | ||
| 中图分类: | E81 | |
| 科图分类: | ||
| 主题词: | 战略学--军事 | |
| 电子资源: | ||
| ISBN: | 7-5626-0934-9 | |
| 000 | 00608nam0 2200205 45 | |
| 001 | 0012121510 | |
| 005 | 20001212153713.1 | |
| 010 | @a7-5626-0934-9@d25.00元 | |
| 100 | @a20001212d1999 km y0chiy0120 ea | |
| 101 | 0 | @achi |
| 105 | @a z 000yy | |
| 200 | 1 | @a国际战略形势分析@AGuo Ji Zhan Lue Xing Shi Fen Xi@f潘湘庭,库桂生主编@FPan Xiang Ting,Ku Gui Sheng Zhu Bian |
| 210 | @a北京@c国防大学出版社@d1999.05 | |
| 215 | @a329页@d32开 | |
| 606 | 0 | @a战略学@x军事 |
| 690 | @aE81@v3 | |
| 701 | 0 | @a潘湘庭@4主编 |
| 701 | 0 | @a库桂生@4主编 |
| 801 | @aCN@bPftUser@c20001212 | |
| 905 | @b306607-608@dE81@eP850@f2 | |
| 国际战略形势分析/潘湘庭,库桂生主编.-北京:国防大学出版社,1999.05 |
| 329页;32开 |
| ISBN 7-5626-0934-9:25.00元 |
| ● |
| 相关链接 |
|
|
|
正题名:国际战略形势分析
索取号:E81/P850
 
预约/预借
| 序号 | 登录号 | 条形码 | 馆藏地/架位号 | 状态 | 备注 |
| 1 | 306607 | 203066074 | 社科库509/509社科库 121排2列5层/ [索取号:E81/P850] | 在馆 | |
| 2 | 306608 | 203066083 | 社科库509/509社科库 121排2列5层/ [索取号:E81/P850] | 在馆 |